000
00198nam a22000857a 4500
008
160701b xxu||||| |||| 00| 0 eng d
100
_9
1645
_a
Gupta, P
245
_a
Thumbelina
260
_a
N.D
_b
M/S Arya
999
_c
1364
_d
1364